Opus cinématographiques 05 - Rocky - Statistiques

Statistiques générales
  • Ce quiz a été pris 639 fois
  • Le résultat moyen est 8 sur 8
Statistiques - réponses
Date de sortie Titre % Correct
1976 Rocky
100%
1979 Rocky 2 - La Revanche
98%
1982 Rocky 3 - L'Oeil du Tigre
98%
1985 Rocky 4
97%
1990 Rocky 5
97%
2015 Creed - L'Héritage de Rocky Balboa
96%
2018 Creed 2
95%
2006 Rocky Balboa
85%
Aucun quiz correspondant
Distribution des résultats
% des personnes avec chaque résultat
Percentile par nombre de réponses
Votre historique - résultats
Vous n’avez pas pris ce quiz